| 000 | 00486pab a2200169 454500 | ||
|---|---|---|---|
| 008 | 180718b2005 xxu||||| |||| 00| 0 eng d | ||
| 100 | _aRajasekarapandian, S. | ||
| 245 | _aDecentralised and patricipatory local governaance practices in the Netherlands | ||
| 260 | _c2005 | ||
| 300 | _ap.41-48. | ||
| 362 | _aOct-Dec | ||
| 650 | _aLocal government - Netherlands | ||
| 650 | _aUrban development - Netherlands | ||
| 650 | _aUrban development | ||
| 773 | _aNagarlok | ||
| 909 | _a68757 | ||
| 999 |
_c68757 _d68757 |
||